000 00557nam a2200193Ia 4500
005 20250508163453.0
008 008 250505s9999 xx 000 0 hin d
037 _aDissertations
040 _aFEDL
_beng
_cFEDL
041 _ahin
_2eng
084 _a491.4307, KUS/DI
_qFEDL
100 _aKusum
245 0 _aDelhi ke schoolon mein tribhasha-sutra ke antergath hindi ka sthan
260 _c1992
300 _a95p.
546 _aM.Ed. Dissertation (Delhi University)
942 _cDIS
_h491.4307, KUS/DI
999 _c1383510
_d1383510